|
|
|
|
| LEADER |
00000nam a2200000 a 4500 |
| 001 |
vtls001350636 |
| 003 |
SK-MaSNL |
| 005 |
20260302000115.0 |
| 008 |
240226s1998 xo aga r 0yy slo |
| 015 |
|
|
|a SNBA1999/03-00960
|
| 020 |
|
|
|a 8085697866
|
| 035 |
|
|
|a SNK000303976
|
| 035 |
|
|
|a urn:nbn:sk:snk-amkimw
|
| 035 |
|
|
|a urn:nbn:sk:snk-am008hcj
|
| 035 |
|
|
|a C5FD8821-B275-4D3A-903A-6707FA5D890B
|
| 040 |
|
|
|a SNK
|b slo
|c SNK
|e AACR2
|
| 041 |
0 |
|
|a slo
|
| 044 |
|
|
|a xo
|c SK
|
| 080 |
|
|
|a 943.762.4-22
|2 1981
|
| 245 |
0 |
0 |
|a Brezová pod Bradlom
|c [autori: Štefan Ciran ... [et al.] ; zostavovateľ a redaktor: Ján Michálek]]
|
| 260 |
|
|
|a Bratislava
|b STIMUL
|c 1998
|
| 300 |
|
|
|a 413 s., [16] s. fareb. obr. príl.
|b fotogr., noty
|c 25 cm
|
| 500 |
|
|
|a Údaj o zost. a aut. prevzatý ź rubu tit. strany
|
| 500 |
|
|
|a Fotogr.: kol. aut.
|
| 504 |
|
|
|a Bibliogr. s. 407-408. Res. angl. Pozn.
|
| 650 |
0 |
7 |
|a dejiny miest
|2 SNKPH
|9 164833
|
| 651 |
|
7 |
|a Brezová pod Bradlom (Slovensko)
|2 SNKPHgeo
|9 65473
|
| 655 |
|
7 |
|a monografie
|2 SNK
|9 70139
|
| 700 |
1 |
|
|a Ciran, Štefan
|4 aut
|9 290605
|
| 700 |
1 |
|
|a Michálek, Ján,
|d 1932-2020
|4 com
|4 adp
|9 221785
|
| 919 |
|
|
|a 80-85697-86-6
|
| 958 |
|
|
|a OND
|
| 958 |
|
|
|a TL
|
| 958 |
|
|
|a NB
|
| 999 |
|
|
|c 978014
|d 979944
|
| 952 |
|
|
|t P60, <03>, [BOOK], {603}
|a SNK
|b SNK
|y PREZ
|7 0
|p 17A0171839
|o snkSC 97424
|i snkKSP 11428/98
|0 0
|1 0
|4 0
|d 1998-12-11
|f 1
|l 0
|r 2025-09-16 00:00:00
|w 2026-02-24
|
| 952 |
|
|
|t P60, <04>, [BOOK], {604}
|a SNK
|b SNK
|y VYP
|7 0
|p 17A0171840
|o snkSC 97424 D1
|i snkKSP 11429/98
|0 0
|1 0
|4 0
|d 1998-12-11
|l 0
|r 2005-01-02 00:00:00
|w 2026-02-24
|